FIFA 22 TOTW 18 - Statistics

General Stats
  • This quiz has been taken 9 times
  • The average score is 11 of 24
Answer Stats
Club Position Rating Answer % Correct
Liverpool LB 88 Andy Robertson
88%
Man United CM 89 Bruno Fernandes
88%
Bayer Leverkusen CAM 84 Florian Wirtz
88%
Inter Milan GK 87 Samir Handanovic
88%
Bayern Munich CAM 89 Thomas Muller
88%
Fulham ST 84 Aleksandar Mitrovic
75%
Lazio ST 89 Ciro Immobile
75%
Borussia Dortmund RB 84 Thomas Meunier
75%
Monaco ST 86 Wissam Ben Yedder
75%
RB Leipzig GK 87 Peter Gulacsi
63%
Fiorentina LB 81 Cristiano Biraghi
50%
Leeds LM 82 Jack Harrison
50%
Ajax ST 74 Brian Brobbey
38%
Mainz CB 81 Jeremiah St Juste
38%
Lille CB 82 Sven Botman
38%
Rennes LM 82 Benjamin Bourigeaud
25%
Genk RW 84 Junya Ito
25%
Hellas Verona RF 82 Antonin Barak
13%
Lincoln ST 76 Chris Maguire
13%
Porto ST 79 Evanilson
13%
Orlando Pirates CAM 78 Gabadhino Mhango
0%
Kaiserslautern LWB 72 Hendrick Zuck
0%
Standard Liege CM 79 Selim Amallah
0%
St Etienne LW 81 Wahbi Khazri
0%
No matching quizzes found
Score Distribution
Percent of People with Each Score
Percentile by Number Answered
Your Score History
You have not taken this quiz